|
|
|
|
| LEADER |
00000cam a2200000 4500 |
| 001 |
vtls008253777 |
| 003 |
SK-MaSNL |
| 005 |
20260311130240.0 |
| 008 |
220509s1994 xr gr 001 0 cze |
| 015 |
|
|
|a SNBZSA1994
|
| 020 |
|
|
|a 8071080721
|q (viazané)
|
| 035 |
|
|
|a SVKPOKN065256
|
| 035 |
|
|
|a urn:nbn:sk:snk-am3j6n1
|
| 035 |
|
|
|a 1952EE65-77F2-47CC-8F32-7E109872AA55
|
| 035 |
|
|
|a urn:nbn:sk:snk-am00gll3
|
| 040 |
|
|
|a SNK
|b slo
|c SNK
|e rda
|
| 041 |
0 |
|
|a cze
|
| 043 |
|
|
|a e-cs---
|
| 044 |
|
|
|a xr
|c CZ
|
| 072 |
|
7 |
|a 82
|x Literatúra. Literárny život
|2 konspekt
|
| 080 |
|
|
|a 82.0-051
|2 2011
|
| 080 |
|
|
|a 82-027.22
|2 2011
|
| 080 |
|
|
|a (437)
|2 2011
|
| 080 |
|
|
|a (092)
|2 2011
|
| 100 |
1 |
|
|a Černý, Václav,
|d 1905-1987
|4 aut
|9 21769
|
| 245 |
1 |
0 |
|a Paměti
|n I, 1921-1938
|c Václav Černý ; Miloslava Pavlíková
|
| 246 |
1 |
|
|i Názov z tiráže:
|a Paměti I (1921-1938)
|
| 250 |
|
|
|a 2. vydanie
|
| 260 |
|
|
|a Brno
|b Atlantis
|c 1994
|
| 300 |
|
|
|a 394 strán
|c 21 cm
|
| 336 |
|
|
|a text
|b txt
|2 rdacontent
|
| 337 |
|
|
|a bez média
|b n
|2 rdamedia
|
| 338 |
|
|
|a zväzok
|b nc
|2 rdacarrier
|
| 500 |
|
|
|a Obsahuje poznámky pod čiarou
|
| 600 |
1 |
7 |
|a Černý, Václav,
|d 1905-1987
|2 SNKMA
|9 21769
|
| 648 |
|
7 |
|a 20. storočie
|2 SNKPH
|9 278343
|
| 648 |
|
7 |
|a 20th century
|2 SNKPHeng
|9 277995
|
| 650 |
0 |
7 |
|a literárni vedci
|2 SNKPH
|9 220855
|
| 650 |
0 |
7 |
|a literárny život
|2 SNKPH
|9 3769
|
| 650 |
0 |
7 |
|a Literary scientists
|2 SNKPHeng
|9 325423
|
| 650 |
0 |
7 |
|a Literary life
|2 SNKPHeng
|9 265321
|
| 651 |
|
7 |
|a Československo
|2 SNKPHgeo
|9 21376
|
| 651 |
|
7 |
|a Czechoslovakia
|2 SNKPHeng
|9 265183
|
| 655 |
|
7 |
|a autobiografie
|2 SNKPH
|9 70280
|
| 655 |
|
7 |
|a Autobiography
|2 SNKPHeng
|9 283613
|
| 700 |
1 |
|
|a Pavlíková, Miloslava
|4 com
|9 468744
|
| 919 |
|
|
|a 80-7108-072-1
|
| 958 |
|
|
|a NB
|
| 958 |
|
|
|a CZ
|
| 958 |
|
|
|a ZS
|
| 958 |
|
|
|a BC
|
| 999 |
|
|
|c 734039
|d 735969
|
| 952 |
|
|
|a SNK
|b SNK
|y PREZ
|7 0
|p 17A1443217
|o snkSC 190768
|i snk2020/19556
|8 1
|z 2 diel - IC 122740/2 ; 3 diel - IC 121497/3
|0 0
|1 0
|4 0
|d 2020-10-23
|f 1
|l 0
|r 2025-10-07 00:00:00
|w 2026-02-23
|